Count Multiples of 12 - One Minute Sprint - Statistics

General Stats
  • This quiz has been taken 24 times
  • The average score is 33 of 50
Answer Stats
*12 % Correct
108
100%
12
100%
24
100%
36
100%
48
100%
60
100%
72
100%
84
100%
96
100%
120
93%
132
93%
144
93%
156
86%
168
86%
180
86%
192
86%
204
86%
216
86%
228
86%
240
79%
252
79%
264
79%
276
79%
288
79%
300
79%
312
79%
324
79%
336
71%
348
71%
360
71%
372
64%
384
57%
396
57%
408
50%
420
50%
432
43%
444
36%
456
36%
468
36%
480
36%
492
36%
504
36%
516
36%
528
21%
540
21%
552
21%
564
21%
576
21%
588
21%
600
21%
No matching quizzes found
Score Distribution
Percent of People with Each Score
Percentile by Number Answered
Your Score History
You have not taken this quiz